000 00259nam a2200109Ia 4500
008 190216s9999||||xx |||||||||||||| ||und||
100 _aGulssan Ss
245 0 _aOrganisation And Management
260 _bHimalaya Publishing House
300 _a565p
942 _cBK
999 _c4276
_d4276